Statistieken voor Wereldhoofdsteden die het dichtst bij Singapore liggen

Klik hier om de quiz te nemen!

Algemene statistieken

  • Deze quiz is 7 keer genomen
  • De gemiddelde score is 13 van 20

Antwoordstatistieken

kmhoofdstad% Correct
1426Bangkok
100%
902Jakarta
100%
2198Hanoi
83%
309Kuala Lumpur
83%
2391Manilla
83%
4142New Delhi
83%
4465Peking
83%
1296Bandar Seri Begawan
67%
2881Dhaka
67%
4813Islamabad
67%
3530Kathmandu
67%
3380Malé
67%
1855Vientiane
67%
2652Dili
50%
2210Naypyidaw
50%
2720Colombo
33%
3481Ngerulmud
33%
1142Phnom Penh
33%
3250Taipei
33%
3274Thimphu
33%

Scoreverdeling

Percentiel versus Aantal Correcte Antwoorden

Procent van Mensen met Elke Score

Uw Scoregeschiedenis

U heeft deze quiz nog niet genomen